000 00774nam a2200229 a 4500
001 000022461
005 20200930021627.0
008 101011s2002 000 spa d
020 _a8474329612
040 _aDO-SdBNP
_bspa
_cBNPHU
082 _axxxx
_bxxxx
245 0 3 _aLa acción y la política :
_bperspectivas filosóficas /
_ccompilador Francisco Naishtat.
260 _aBarcelona :
_bGedisa,
_c2002.
300 _a253 p. ;
_c20 cm.
490 1 _aBiblioteca de educación
490 1 _aTemas de cátedra
_v3
500 _aIncluye referencias bibliográficas y notas al pie de las páginas
590 _aInventariado, 2019/BT
700 1 _aNaishtat, francisco,
_ecomp.
_946291
830 0 _aBiblioteca de educación
_946292
830 0 _aTemas de cátedra
_n3
_946293
999 _c21959
_d21959